Welcome to WEB OPAC of MRSPTU Central Library

Statically indeterminate structures (Record no. 1038)

MARC details
000 -LEADER
fixed length control field 00373nam a2200145Ia 4500
008 - FIXED-LENGTH DATA ELEMENTS--GENERAL INFORMATION
fixed length control field 230711s9999||||xx |||||||||||||| ||und||
041 ## - LANGUAGE CODE
Language code of text/sound track or separate title ENG
082 ## - DEWEY DECIMAL CLASSIFICATION NUMBER
Classification number 621
Item number WA-S
100 ## - MAIN ENTRY--PERSONAL NAME
Personal name Wang,chu-Kia
245 #0 - TITLE STATEMENT
Title Statically indeterminate structures
250 ## - EDITION STATEMENT
Edition statement 1st
260 ## - PUBLICATION, DISTRIBUTION, ETC.
Date of publication, distribution, etc. 1962
Place of publication, distribution, etc. New York
Name of publisher, distributor, etc. Tata McGraw Hill Education Limited
650 ## - SUBJECT ADDED ENTRY--TOPICAL TERM
Topical term or geographic name entry element Civil Engineering
942 ## - ADDED ENTRY ELEMENTS (KOHA)
Koha item type Book
Holdings
Withdrawn status Lost status Damaged status Not for loan Collection Home library Current library Date acquired Total checkouts Full call number Barcode Date last seen Date last checked out Price effective from Koha item type
          MRSPTU Central Library MRSPTU Central Library   1 621 WA-S 5201 01/30/2025 01/22/2025 08/17/2023 Book
          MRSPTU Central Library MRSPTU Central Library     621 WA-S 5202 08/17/2023   08/17/2023 Book
          MRSPTU Central Library MRSPTU Central Library     621 WA-S 5203 08/17/2023   08/17/2023 Book
          MRSPTU Central Library MRSPTU Central Library     621 WA-S 5204 08/17/2023   08/17/2023 Book
          MRSPTU Central Library MRSPTU Central Library     621 WA-S 5205 08/17/2023   08/17/2023 Book
          MRSPTU Central Library MRSPTU Central Library     621 WA-S 5206 08/17/2023   08/17/2023 Book

Website Designed and Developed by MRSPTU Central Library Team

E-mail Id: librarian@mrsptu.ac.in